Central Library OPAC University of Rajshahi

Matthew Arnold and American culture / (Record no. 17875)

MARC details
000 -LEADER
fixed length control field 01049nam a2200289 a 4500
001 - CONTROL NUMBER
control field 17875
003 - CONTROL NUMBER IDENTIFIER
rucl marc code BD-RjUL
005 - DATE AND TIME OF LATEST TRANSACTION
control field 20211209000214.0
008 - FIXED-LENGTH DATA ELEMENTS--GENERAL INFORMATION
fixed length control field 140219r19611957cau b 001 0 eng d
035 ## - SYSTEM CONTROL NUMBER
System control number oxf98200108
System control number (BD-RjUL)17933
040 ## - CATALOGING SOURCE
Original cataloging agency HLS
Transcribing agency HLS
Modifying agency OCL
-- m.c
-- BD-RjUL
Language of cataloging eng
041 ## - LANGUAGE CODE
Language code of text/sound track or separate title eng
082 04 - DEWEY DECIMAL CLASSIFICATION NUMBER
Classification number 821.8
Author mark and year RAM 1961
100 1# - MAIN ENTRY--PERSONAL NAME
Personal name Raleigh, John Henry,
Dates associated with a name 1920-
9 (RLIN) 55171
245 10 - TITLE STATEMENT
Title Matthew Arnold and American culture /
Statement of responsibility, etc. John Henry Raleigh
260 ## - PUBLICATION, DISTRIBUTION, ETC. (IMPRINT)
Place of publication, distribution, etc. Berkeley :
Name of publisher, distributor, etc. University of California Press,
Date of publication, distribution, etc. 1961.
300 ## - PHYSICAL DESCRIPTION
Pagination x, 301 p. ;
Size 21 cm
500 ## - GENERAL NOTE
General note "Originally published in 1957 as volume 17 of the University of California publications: English studies."
504 ## - BIBLIOGRAPHY, ETC. NOTE
Bibliography, etc Includes bibliographical references and index
600 10 - SUBJECT ADDED ENTRY--PERSONAL NAME
Personal name Arnold, Matthew,
Dates associated with a name 1822-1888
650 #0 - SUBJECT ADDED ENTRY--TOPICAL TERM
Topical term or geographic name as entry element Criticism
Geographic subdivision United States
General subdivision History
9 (RLIN) 54131
Topical term or geographic name as entry element Comparative literature
General subdivision English and American
9 (RLIN) 55172
Topical term or geographic name as entry element Comparative literature
General subdivision American and English
9 (RLIN) 55173
942 ## - ADDED ENTRY ELEMENTS (KOHA)
Source of classification or shelving scheme Dewey Decimal Classification
Koha item type Books
Holdings
Lost status Source of classification or shelving scheme Damaged status Not for loan Collection code Permanent Location Current Location Shelving location Date acquired Source of acquisition Cost, normal purchase price Total Checkouts Full call number Date last seen Copy number Koha item type
  Dewey Decimal Classification   Not For Loan Fiction Central Library, University of Rajshahi Central Library, University of Rajshahi Reading Room 30/10/1963 Thomas 9.75   821.8 RAM 1961 19/02/2014 C-1 Books